| 000 | 00436nam a2200145Ia 4500 | ||
|---|---|---|---|
| 008 | 210719s1980 xx 000 0 und d | ||
| 041 | _aeng | ||
| 082 | _a338.954 BIRS | ||
| 100 | _aBIRLA INSTITUTE OF SCIENTIFIC RESEARCH ECONOMIC RESEARCH DIVISION | ||
| 245 | _aStructural transformation and economic development. | ||
| 260 |
_aND _bArnold Heinemann _c1980 |
||
| 300 |
_a125 _bHB |
||
| 365 |
_b40 _cRs |
||
| 650 | _aEconomic Development | ||
| 999 |
_c212816 _d212816 |
||